000 00678nam a2200229Ia 4500
003 OSt
005 20220925222415.0
006 a|||||r|||| 00| 0
007 ta
008 220923b |||||||| |||| 00| 0 eng d
037 _cGeneral Book
040 _aRTL
_cRTL
_beng
041 _2eng
_aeng
082 _aX:742.1.N39<---N29, L3
100 _aKindleberger Charles P.
245 0 _aWorld in depression, 1929-1939
260 _aLondon
_bPenguin Press U. K.
_c1973
300 _a335p. Bibliography p.309-22
_ccm.
650 _aDepression
_928774
942 _hX:742.1.N39<---N29, L3
_cGB
_2CC
999 _c576974
_d576974